<?xml version="1.0" encoding="UTF-8"?>
<marc:record xmlns:marc="http://www.loc.gov/MARC21/slim">
   <marc:leader>00000nam a2200000 a 4500</marc:leader>
   <marc:datafield ind1="1" ind2=" " tag="100">
      <marc:subfield code="a">Romaniszyn, Anja</marc:subfield>
      <marc:subfield code="4">aut</marc:subfield>
      <marc:subfield code="e">Verfasser/-in</marc:subfield>
   </marc:datafield>
   <marc:datafield ind1=" " ind2=" " tag="653">
      <marc:subfield code="a">Kochbuch</marc:subfield>
   </marc:datafield>
   <marc:datafield ind1=" " ind2=" " tag="653">
      <marc:subfield code="a">Schnelle Küche</marc:subfield>
   </marc:datafield>
   <marc:datafield ind1=" " ind2=" " tag="653">
      <marc:subfield code="a">Vegane Kost</marc:subfield>
   </marc:datafield>
   <marc:datafield ind1="0" ind2="0" tag="245">
      <marc:subfield code="a">Einfach schnell vegan</marc:subfield>
   </marc:datafield>
   <marc:datafield ind1=" " ind2="1" tag="264">
      <marc:subfield code="b">ZS, Edel Verlagsgruppe GmbH</marc:subfield>
      <marc:subfield code="c">2022</marc:subfield>
   </marc:datafield>
   <marc:datafield ind1="1" ind2=" " tag="520">
      <marc:subfield code="a">Das "schnelle Kochbuch" der Foodbloggerin (zuletzt ID-B 7/21) ist in Thematik und Umfang vergleichbar mit K. Seiser: "Schnell mal vegan" (ID-A 5/23). A. Romaniszyns Gliederung ist aber traditionell, einleitenden Anmerkungen zur veganen Lebensweise und Erläuterungen zur Bestückung des Vorratsschranks folgen die Kapitel "Frühstück, Brunch &amp; Snacks", "Suppen &amp; Salate", "Pasta &amp; Reis", "Aufläufe &amp; Pfannengerichte", "Beilagen, Dips &amp; Fingerfood", "Kuchen &amp; Desserts". Die Rezepte sind lecker und folgen teilweise neuen Trends (Overnight-Oats, One-Pot-Gerichte, Bowls). Es gibt Frisches, Wärmendes, Sättigendes, Sües, sodass jedes Bedürfnis zu seinem Recht kommt. Die Foodfotografie ist (wie bei K. Seiser) appetitanregend und aussagekräftig, aber nicht allzu aufwendig. A. Romaniszyn ist sparsam mit "veganen Ersatzprodukten", verdammt sie aber nicht grundsätzlich, dafür verwendet sie öfter Cashewkerne, Hefeflocken, Kokosmilch, Tahin, Erdnuss- oder Mandelmus als gute Geschmacksgeber und für eine sämigere Textur der Saucen. - Beide Kochbücher (s.o.) haben ihre Vorteile, dieses ist vielleicht etwas üppiger. (2)</marc:subfield>
   </marc:datafield>
   <marc:datafield ind1=" " ind2=" " tag="020">
      <marc:subfield code="a">9783965842878</marc:subfield>
      <marc:subfield code="9">9783965842878</marc:subfield>
   </marc:datafield>
</marc:record>
